La presqu'ile du Sinai : etude de geographie et d'histoire /

محفوظ في:

المؤلف الرئيسي: Weill, Raymond, 1874-1950 (مؤلف)

التنسيق: كتاب

اللغة: French

منشور في: Paris : H. Champion, 1908.

سلاسل: Bibliothèque de l'École des hautes études. Sciences historiques et philologiques ; 171.

الموضوعات:

الوسوم: إضافة وسم

لا توجد وسوم, كن أول من يضع وسما على هذه التسجيلة!

رقم الطلب: DS110.5 .W5 1908

LEADER 01073namaa2200217 4500
001 21017
003 OSt
005 20260226094917.0
008 130303s1908 fr bef 000 0 fre d
040 |c ARCE Library 
050 4 |a DS110.5 .W5 1908 
100 1 |a Weill, Raymond,  |d 1874-1950,  |e author 
245 1 3 |a La presqu'ile du Sinai :  |b etude de geographie et d'histoire /  |c par Raymond Weill. 
264 1 |a Paris :  |b H. Champion,  |c 1908. 
300 |a ix, 380 pages :   |b include plan, folded plates, maps (3 folded) ;   |c 26 cm. 
490 0 |a Bibliothèque de l'École des hautes études. Sciences historiques et philologiques ;   |v 171. 
505 0 |a Introduction. -- Esquisse géologique et géomorphogénique. -- Surface du sol et conditions générales de la vie. -- Les confins maritimes et terrestres de la péninsule. -- La zone minière du versant occidental et ses localitiés égyptiennes. -- Le massif méridional et ses établissements sédentaires. -- Bibliographie historique. -- Indices. 
651 0 |a Sinai (Egypt) 
901 |a reviewed 
942 |c BK  |2 lcc 
999 |c 18273  |d 18273